| 000 | 00989nam a2200241Ia 4500 | ||
|---|---|---|---|
| 999 |
_c52950 _d52950 |
||
| 001 | 19981 | ||
| 003 | GE_BSU | ||
| 005 | 20200525220806.0 | ||
| 008 | 181216s1974||||ge |||||||||||||| ||geo|| | ||
| 040 | _cGE_BSU | ||
| 041 | _ageo | ||
| 080 | _a811.353.1'373 ფ-85 | ||
| 100 |
_aფოჩხუა, ბიძინა _98136 |
||
| 245 |
_aქართული ენის ლექსიკოლოგია / _cბიძინა ფოჩხუა ; რედ. შ. ძიძიგური. |
||
| 264 |
_aთბილისი : _bთბილ. უნ-ტის გამ-ბა, _c1974. |
||
| 300 |
_a402 გვ. ; _c 22 სმ. |
||
| 541 | _h4ლ. | ||
| 653 | _aქართული ენა | ||
| 653 | _aქართული ენის ლექსიკოლოგია | ||
| 700 |
_aძიძიგური, შ. _eრედაქტორი _92258 |
||
| 710 |
_aახალი ქართული ენის კათედრა _98201 |
||
| 942 |
_cBK _2udc |
||